000 00497nam a2200181Ia 4500
005 20250326124224.0
008 250326s9999 xx 000 0 und d
037 _aTextbook
040 _aFMSL
_beng
_cFMSL
041 _aeng
_2eng
084 _aX:51.1 L3;1
_qFMSL
100 _aThorell H B
_9737018
245 0 _aInternational marketing strategy
_cThorell H B
260 _aNew Delhi
_bNew Delhi
_c1973
300 _a380p
942 _cTB
_hX:51.1 L3;1
999 _c1272814
_d1272814